Cinco problemas de comunicación. (Record no. 8161)
[ view plain ]
| 000 -CABECERA | |
|---|---|
| campo de control de longitud fija | 00741nam a2200193 a 4500 |
| 005 - FECHA Y HORA DE LA ÚLTIMA TRANSACCIÓN | |
| campo de control | 20240113063633.0 |
| 008 - ELEMENTOS DE LONGITUD FIJA--INFORMACIÓN GENERAL | |
| campo de control de longitud fija | 991125n197 mx 000 0 spa u |
| 035 ## - NÚMERO DE CONTROL DEL SISTEMA | |
| Número de control de sistema | UPN01000008161 |
| 049 ## - COLECCIÓN | |
| Colección | AV |
| 099 ## - CLASIFICACIÓN LOCAL | |
| Clasificación local | PVI H 0016 |
| 245 00 - MENCIÓN DE TÍTULO | |
| Título | Cinco problemas de comunicación. |
| 260 ## - PUBLICACIÓN, DISTRIBUCIÓN, ETC. | |
| Lugar de publicación, distribución, etc. | México : |
| Nombre del editor, distribuidor, etc. | Películas Mel, |
| Fecha de publicación, distribución, etc. | [197?]. |
| 300 ## - DESCRIPCIÓN FÍSICA | |
| Extensión | 1 videocasete (VHS) (05 min.) : |
| Otras características físicas | son., col. + |
| Material acompañante/anejo | guía del instructor |
| 520 ## - NOTA DE RESUMEN, ETC. | |
| Sumario, etc. | Muestra con dibujos animados, cinco problemas básicos de comunicación en los seres humanos. Orientada hacia seguridad industrial |
| 500 ## - NOTA GENERAL | |
| Nota general | Número que le corresponde en el catálogo de películas Mel 261 |
| 650 #4 - ASIENTO SECUNDARIO DE MATERIA - TERMINO TEMATICO | |
| Término de materia o nombre geográfico como elemento de entrada | Comunicación |
| 9 (RLIN) | 9285 |
| 650 #4 - ASIENTO SECUNDARIO DE MATERIA - TERMINO TEMATICO | |
| Término de materia o nombre geográfico como elemento de entrada | Relaciones interpersonales |
| 9 (RLIN) | 1551 |
| 905 ## - TIPO DE MATERIAL | |
| Tipo de material | Audiovisuales |
| Estado de retiro | Estado de pérdida | Fuente del sistema de clasificación o colocación | Estado dañado | No para préstamo | Código de colección | Localización permanente | Ubicación/localización actual | Ubicación en estantería | Total de préstamos | Clasificación | Código de barras | Fecha visto por última vez | Número de copia | Tipo de ítem Koha |
|---|---|---|---|---|---|---|---|---|---|---|---|---|---|---|
| Library of Congress Classification | Audiovisuales | Bib. Gregorio Torres Quintero | Bib. Gregorio Torres Quintero | Audiovisual | PVI H 0016 | 0016PVI | 31/12/2020 | 1 | Videocasete |
